[Event "Boris Spassky"]
[Site "SchemingMind.com"]
[Date "2008.04.28"]
[Round "-"]
[White "Cruyce"]
[Black "Ilang"]
[Result "0-1"]
[WhiteCountry "BEL"]
[BlackCountry "HUN"]
[WhiteElo "2172"]
[WhiteRD "75"]
[BlackElo "2317"]
[BlackRD "73"]
[GameID "152552"]

1. d4 d5 2. Nf3 Nf6 3. c4 c6 4. Nc3 e6 5. Bg5 h6 6. Bxf6 Qxf6 7. g3 Nd7 8. Bg2 dxc4 9. O-O Be7 10. e3 O-O
11. Qe2 e5
0-1

[Event "Boris Spassky"]
[Site "SchemingMind.com"]
[Date "2008.04.30"]
[Round "-"]
[White "Ilang"]
[Black "Cruyce"]
[Result "1-0"]
[WhiteCountry "HUN"]
[BlackCountry "BEL"]
[WhiteElo "2317"]
[WhiteRD "73"]
[BlackElo "2172"]
[BlackRD "75"]
[GameID "152553"]

1. e4 e5 2. Nf3 Nc6 3. Bb5 a6 4. Ba4 d6 5. Bxc6+ bxc6 6. d4 f6 7. Be3 Ne7 8. Nc3 Ng6 9. Qe2 Be7 10. O-O-O Bd7
11. h4
1-0

[Event "Boris Spassky"]
[Site "SchemingMind.com"]
[Date "2008.05.11"]
[Round "-"]
[White "Peacemaker"]
[Black "Ilang"]
[Result "1-0"]
[WhiteCountry "GER"]
[BlackCountry "HUN"]
[WhiteElo "2340"]
[WhiteRD "81"]
[BlackElo "2313"]
[BlackRD "74"]
[GameID "153740"]

1. e4 e5 2. Nf3 Nc6 3. Bc4 Bc5 4. c3 Nf6 5. d3 d6 6. O-O a6 7. Bb3 Ba7 8. Nbd2 O-O 9. h3 Be6 10. Re1 h6
11. Nf1 Re8 12. Be3 d5 13. Bxa7 Rxa7 14. Qc2 Ra8 15. Rad1 Qe7 16. exd5 Bxd5 17. Bxd5 Nxd5 18. d4 Qf6 19. Qe4 Qe6 20. dxe5 Nde7
21. Qa4 Ng6 22. Nd4 Nxd4 23. cxd4 Rad8 24. Ng3 Qb6 25. b4 Nf4 26. a3 Nd5 27. Qb3 Re6 28. Re4 a5 29. b5 c6 30. Rg4 Qxb5
31. Qc2 Qb6 32. Nf5 Rg6 33. Rxg6 fxg6 34. Nxh6+ gxh6 35. Qxg6+ Kf8 36. Rd3 Ke7 37. Qg7+ Ke6 38. Rf3 Qc7 39. Rf6+ Nxf6 40. Qxc7 Rd7
41. Qc8 Nd5 42. Qg8+
1-0

[Event "Boris Spassky"]
[Site "SchemingMind.com"]
[Date "2008.05.11"]
[Round "-"]
[White "Ilang"]
[Black "Peacemaker"]
[Result "0-1"]
[WhiteCountry "HUN"]
[BlackCountry "GER"]
[WhiteElo "2317"]
[WhiteRD "73"]
[BlackElo "2338"]
[BlackRD "80"]
[GameID "153742"]

1. e4 c5 2. c3 Nf6 3. e5 Nd5 4. Nf3 Nc6 5. Bc4 Nb6 6. Be2 d6 7. exd6 Qxd6 8. O-O Bf5 9. d4 cxd4 10. Nxd4 Nxd4
11. cxd4 g6 12. Nc3 Bg7 13. Bf3 O-O 14. Be3 Nc4 15. Qb3 Nxe3 16. fxe3 e5 17. d5 Rae8 18. Ne4 Bxe4 19. Bxe4= f5 20. Bf3 e4
21. Be2 Be5 22. g3 Re7 23. Rac1 h5 24. Rf2 Rh7 25. Bf1 h4 26. gxh4 Rxh4 27. h3 Rh7 28. Rcc2 g5 29. Qa3 Qf6 30. Qb3 Bg3
31. Rg2 Bd6 32. Rgf2 Qg6 33. Qc4 Qh5 34. Bg2 g4 35. hxg4 Qxg4 36. Qd4 Bh2+ 37. Kf1 Bg3 38. d6 Bxf2 39. Rxf2 Rc8 40. Qd2 Rd7
41. Kg1 Kg7 42. Rf1 Qg5 43. Qd4+ Kg6 44. Qd5 Qxe3+ 45. Rf2 Rc1+ 46. Bf1 Kh5 47. Qxf5+ Qg5+ 48. Qxg5+ Kxg5 49. Rg2+ Kf4 50. Rf2+ Ke5
51. Kh2 Rxd6 52. Bg2 e3
0-1

[Event "Boris Spassky"]
[Site "SchemingMind.com"]
[Date "2008.05.11"]
[Round "-"]
[White "Cruyce"]
[Black "Peacemaker"]
[Result "0-1"]
[WhiteCountry "BEL"]
[BlackCountry "GER"]
[WhiteElo "2052"]
[WhiteRD "71"]
[BlackElo "2358"]
[BlackRD "83"]
[GameID "153743"]

1. d4 Nf6 2. c4 e6 3. g3 d5 4. Nf3 Be7 5. Bg2 O-O 6. O-O dxc4 7. Ne5 Nc6 8. Bxc6 bxc6 9. Nxc6 Qe8 10. Nxe7+ Qxe7
11. Qa4 e5 12. dxe5 Qxe5 13. Qxc4 Be6 14. Qh4 Qxe2 15. Nc3 Qf3 16. Qf4 Qb7
0-1

[Event "Boris Spassky"]
[Site "SchemingMind.com"]
[Date "2008.05.09"]
[Round "-"]
[White "Konan_Kaddosh"]
[Black "Ilang"]
[Result "1-0"]
[WhiteCountry "ITA"]
[BlackCountry "HUN"]
[WhiteElo "2525"]
[WhiteRD "62"]
[BlackElo "2317"]
[BlackRD "73"]
[GameID "154178"]

1. d4 d5 2. c4 c6 3. Nc3 e6 4. e3 Nf6 5. Nf3 Nbd7 6. Bd3 dxc4 7. Bxc4 b5 8. Bd3 a6 9. e4 c5 10. d5 Bb7
11. O-O Qc7 12. dxe6 fxe6 13. Bc2 c4 14. Qe2 Bd6 15. Nd4 Bxh2+ 16. Kh1 Nc5 17. f4 O-O-O 18. Be3 Bg3 19. Rf3 b4 20. Na4 Ncxe4
21. Nxe6 Qf7 22. Bxe4 Nxe4 23. Qxc4+ Kb8 24. Kg1 Rd6 25. f5 Be5 26. Qxb4 Rc8 27. Nac5 Nxc5 28. Nxc5 Ka8 29. Rf2 Bg3 30. Rff1 Bc6
31. Qg4 Be5 32. Rac1 Rb8 33. b3 Re8 34. Nxa6 Qb7 35. Nc5 Qa7 36. Qc4 g6 37. Bf2 Qa5 38. Rfe1 gxf5 39. Nd3 Rg6 40. b4 Rxg2+
41. Kf1 Rxf2+ 42. Nxf2 Qb5 43. a4 Qxc4+ 44. Rxc4 Bd7 45. Rc5 Bb8 46. Rxe8 Bxe8 47. Rxf5 Bg6 48. Rd5 Kb7 49. a5 Ka6 50. Ke2 Be8
51. Rd8 Bh5+ 52. Kd3 Bg6+ 53. Kc4 Ba7 54. Rd6+ Kb7 55. Rd7+ Ka8 56. Nd3
1-0

[Event "Boris Spassky"]
[Site "SchemingMind.com"]
[Date "2008.05.11"]
[Round "-"]
[White "Konan_Kaddosh"]
[Black "Peacemaker"]
[Result "1-0"]
[WhiteCountry "ITA"]
[BlackCountry "GER"]
[WhiteElo "2598"]
[WhiteRD "63"]
[BlackElo "2362"]
[BlackRD "81"]
[GameID "154180"]

1. d4 Nf6 2. c4 e6 3. Nf3 d5 4. Nc3 Be7 5. Bg5 O-O 6. e3 Nbd7 7. Qc2 c6 8. Rc1 a6 9. cxd5 exd5 10. Bd3 Re8
11. O-O Nf8 12. h3 Ng6 13. Ne5 Nd7 14. Bxe7 Qxe7 15. Nf3 Nf6 16. Rfd1 Ne4 17. Bxe4 dxe4 18. Ne5 Bf5 19. Nxg6 hxg6 20. d5 Qg5
21. Kf1 cxd5= 22. Rxd5 Qh4 23. Rcd1 Be6 24. R5d4 f5 25. Qd2 Qf6= 26. Kg1 Rac8 27. Rd6 Kh7= 28. Qd4 Qf7 29. h4 Bc4 30. b3 Bd3=
31. Nd5 Red8= 32. Nf4 Qc7= 33. Rxd8 Rxd8= 34. Qb4 b5 35. Ne6 Qc2 36. Rd2 Qc1+= 37. Kh2 Rc8 38. Qd4 Qc3 39. Qd7 Rg8 40. Ng5+ Kh6
41. Qd6 Rc8 42. Nf7+ Kh7 43. Ne5
1-0

[Event "Boris Spassky"]
[Site "SchemingMind.com"]
[Date "2008.05.09"]
[Round "-"]
[White "Ilang"]
[Black "Konan_Kaddosh"]
[Result "1/2-1/2"]
[WhiteCountry "HUN"]
[BlackCountry "ITA"]
[WhiteElo "2349"]
[WhiteRD "75"]
[BlackElo "2555"]
[BlackRD "61"]
[GameID "154181"]

1. e4 c5 2. c3 Nf6 3. e5 Nd5 4. Nf3 Nc6 5. Bc4 Nb6 6. Be2 d6 7. exd6 e6 8. d4 cxd4 9. Nxd4 Bxd6 10. Nb5 Be5
11. Qxd8+ Kxd8 12. Nd2 a6 13. Na3 Bc7 14. O-O Ke7 15. Nac4= Nd5 16. Nb3 b6 17. Re1 Rb8 18. Bf3 Rd8 19. Ne3 Nxe3 20. Bxe3 Bb7
21. Rad1 h6 22. g3 Rxd1 23. Rxd1 f5 24. Bg2 Rd8 25. Rxd8 Nxd8 26. Bxb7 Nxb7 27. f4 Nd6 28. Nd4 Kd7 29. Kf2 Nc4 30. Bc1= b5
31. Ke2 Bd8 32. Kd3 Nd6 33. b3 Bf6 34. Be3 Nf7 35. c4 e5=
1/2-1/2

[Event "Boris Spassky"]
[Site "SchemingMind.com"]
[Date "2008.05.11"]
[Round "-"]
[White "Peacemaker"]
[Black "Konan_Kaddosh"]
[Result "1/2-1/2"]
[WhiteCountry "GER"]
[BlackCountry "ITA"]
[WhiteElo "2382"]
[WhiteRD "82"]
[BlackElo "2570"]
[BlackRD "66"]
[GameID "154183"]

1. e4 c5 2. Nf3 Nc6 3. d4 cxd4 4. Nxd4 e5 5. Nb5 d6 6. c4 Be7 7. N1c3 a6 8. Na3 f5 9. exf5 Bxf5 10. Bd3 Be6
11. O-O Nf6 12. Nc2 O-O 13. Ne3 Nd4 14. b3 Rc8 15. Bb2 g6 16. Kh1 Qd7 17. f4 Rf7 18. Ne2 Ng4 19. Qd2 Nxe2 20. Bxe2 Nxe3
21. Qxe3 exf4 22. Rxf4 Bg5 23. Rxf7 Bxe3 24. Rxd7 Bxd7 25. Bf3 Bc6 26. Re1 Bxf3 27. Rxe3 Bc6 28. Re7 Re8 29. Rxe8+ Bxe8 30. Ba3 Kf7
31. Bxd6 Ke6 32. Bc7 Bc6=
1/2-1/2

[Event "Boris Spassky"]
[Site "SchemingMind.com"]
[Date "2008.05.10"]
[Round "-"]
[White "MichaelDV"]
[Black "Ilang"]
[Result "1/2-1/2"]
[WhiteCountry "SWE"]
[BlackCountry "HUN"]
[WhiteElo "2319"]
[WhiteRD "64"]
[BlackElo "2313"]
[BlackRD "74"]
[GameID "154283"]

1. d4 d5 2. Nf3 Nf6 3. c4 e6 4. g3 Bb4+ 5. Bd2 Be7 6. Bg2 O-O 7. O-O dxc4 8. Qc2 a6 9. Qxc4 b5 10. Qc2 Bb7
11. Rc1 Bd6 12. Nc3 Nbd7 13. Ng5 Bxg2 14. Kxg2 h6 15. Nge4 Be7 16. Be3 Rc8 17. Rd1 c6 18. Rac1 Re8 19. Nxf6+ Nxf6 20. a3 Qc7
21. Ne4 Nd5 22. Bd2 e5 23. Nc3 Nf6 24. Be3 exd4 25. Bxd4 c5 26. Bxf6 Bxf6 27. Nd5=
1/2-1/2

[Event "Boris Spassky"]
[Site "SchemingMind.com"]
[Date "2008.05.12"]
[Round "-"]
[White "MichaelDV"]
[Black "Cruyce"]
[Result "1-0"]
[WhiteCountry "SWE"]
[BlackCountry "BEL"]
[WhiteElo "2318"]
[WhiteRD "68"]
[BlackElo "2052"]
[BlackRD "71"]
[GameID "154284"]

1. d4 f5 2. Nf3 Nf6 3. c4 g6 4. g3 Bg7 5. Bg2 O-O 6. O-O d6 7. Nc3 Qe8 8. d5 Na6 9. Rb1 c5 10. dxc6 bxc6
11. b4 Nc7 12. Nd4 Bd7 13. b5 c5 14. Nc6 Ne4 15. Nxe4 Bxc6 16. Nxd6
1-0

[Event "Boris Spassky"]
[Site "SchemingMind.com"]
[Date "2008.05.10"]
[Round "-"]
[White "MichaelDV"]
[Black "Konan_Kaddosh"]
[Result "1/2-1/2"]
[WhiteCountry "SWE"]
[BlackCountry "ITA"]
[WhiteElo "2342"]
[WhiteRD "75"]
[BlackElo "2559"]
[BlackRD "66"]
[GameID "154285"]

1. d4 Nf6 2. Nf3 e6 3. c4 b6 4. g3 Ba6 5. Qc2 Bb7 6. Bg2 c5 7. d5 exd5 8. cxd5 Nxd5 9. O-O Be7 10. Qe4 Na6
11. Nh4 O-O 12. Nf5 Bf6 13. Qg4 Kh8 14. Rd1 Nac7 15. e4 Nb4 16. e5 Bxg2 17. exf6 Qxf6 18. Kxg2 Nc2 19. Nc3 Qg6 20. Qxg6 fxg6
21. Bf4 Rxf5 22. Bxc7 Nxa1 23. Rxa1 Raf8 24. f4 d5 25. Be5=
1/2-1/2

[Event "Boris Spassky"]
[Site "SchemingMind.com"]
[Date "2008.05.11"]
[Round "-"]
[White "MichaelDV"]
[Black "Peacemaker"]
[Result "1/2-1/2"]
[WhiteCountry "SWE"]
[BlackCountry "GER"]
[WhiteElo "2377"]
[WhiteRD "70"]
[BlackElo "2382"]
[BlackRD "82"]
[GameID "154286"]

1. d4 Nf6 2. c4 e6 3. Nf3 d5 4. Nc3 Be7 5. Bg5 O-O 6. e3 Nbd7 7. Qc2 c6 8. a3 Re8 9. Rd1 a6 10. h3 b5
11. c5 h6 12. Bf4 a5 13. b4 Bb7 14. Bd3 Ra7 15. O-O Qa8 16. Qb2 Nh5 17. Bh2 Nhf6 18. Bf4 Nh5= 19. Bh2 Nhf6 20. Ra1 Bd8
21. Bd6 Qc8 22. Ne5 Bc7 23. a4 axb4 24. Qxb4 Bxd6 25. cxd6 Nxe5 26. dxe5 Nd7 27. axb5 Rxa1 28. Rxa1 Nxe5 29. Be2 Rd8 30. f4 Nc4=
31. Bxc4 dxc4 32. Qxc4 Rxd6 33. Qc5 cxb5 34. Qxd6 Qxc3= 35. Qe5 Qc6 36. Qb2 Qe4 37. Ra3 Bd5 38. Rc3 Bc4 39. Kh2 g5 40. Qc2 Qa8
41. Qd2 Qe4 42. fxg5 Qe5+= 43. Kg1 hxg5 44. Qd4 Qxd4 45. exd4 Kg7= 46. Rc1 f5 47. Kf2 Kg6= 48. g3 Kf6= 49. Ke3 Kg6 50. h4 Kh5
51. hxg5 Kxg5 52. Kf2=
1/2-1/2

[Event "Boris Spassky"]
[Site "SchemingMind.com"]
[Date "2008.05.10"]
[Round "-"]
[White "Ilang"]
[Black "MichaelDV"]
[Result "1/2-1/2"]
[WhiteCountry "HUN"]
[BlackCountry "SWE"]
[WhiteElo "2313"]
[WhiteRD "74"]
[BlackElo "2319"]
[BlackRD "64"]
[GameID "154287"]

1. e4 c5 2. c3 Nf6 3. e5 Nd5 4. Nf3 Nc6 5. Bc4 Nb6 6. Be2 d6 7. exd6 e5 8. d4 cxd4 9. cxd4 e4 10. Ng5 Bxd6
11. Nxe4 Bb4+ 12. Nbc3 Qxd4 13. O-O O-O 14. Be3 Qe5 15. a3 Bxc3 16. Nxc3 Rd8 17. Qc1 Be6 18. Re1 Nd4 19. Bd3 Rd7 20. Bxd4 Qxd4
21. Be4=
1/2-1/2

[Event "Boris Spassky"]
[Site "SchemingMind.com"]
[Date "2008.05.12"]
[Round "-"]
[White "Cruyce"]
[Black "MichaelDV"]
[Result "0-1"]
[WhiteCountry "BEL"]
[BlackCountry "SWE"]
[WhiteElo "2052"]
[WhiteRD "71"]
[BlackElo "2318"]
[BlackRD "68"]
[GameID "154288"]

1. d4 Nf6 2. c4 e6 3. g3 d5 4. Nf3 Be7 5. Bg2 O-O 6. O-O dxc4 7. Ne5 Nc6 8. Bxc6 bxc6 9. Nxc6 Qe8 10. Nxe7+ Qxe7
11. Qa4 c5 12. Qxc4 cxd4 13. Qxd4 e5 14. Qh4 Rb8 15. Nc3 Rb4
0-1

[Event "Boris Spassky"]
[Site "SchemingMind.com"]
[Date "2008.05.10"]
[Round "-"]
[White "Konan_Kaddosh"]
[Black "MichaelDV"]
[Result "1-0"]
[WhiteCountry "ITA"]
[BlackCountry "SWE"]
[WhiteElo "2598"]
[WhiteRD "63"]
[BlackElo "2359"]
[BlackRD "67"]
[GameID "154289"]

1. d4 d5 2. c4 e6 3. Nf3 Nf6 4. g3 Be7 5. Bg2 O-O 6. O-O dxc4 7. Qc2 a6 8. Qxc4 b5 9. Qc2 Bb7 10. Bd2 Ra7
11. Rc1 Be4 12. Qb3 Nc6 13. e3 Qa8 14. Qd1 Nb8 15. Ba5 Bd6 16. a3 Nbd7 17. Nc3 Bc6 18. Rc2 Rc8 19. Rac1 Bb7 20. Ne1 Bxg2
21. Nxg2 Re8 22. Na2 Nd5 23. e4 N5b6 24. e5 Be7 25. Ne3 Rc8 26. b4 Qb7 27. Nc3 h6 28. Qg4 Rd8 29. Ne4 Qb8 30. f4 g6
31. f5 h5 32. Qf4 exf5 33. Nxf5 gxf5 34. Qxf5
1-0

[Event "Boris Spassky"]
[Site "SchemingMind.com"]
[Date "2008.05.12"]
[Round "-"]
[White "Peacemaker"]
[Black "MichaelDV"]
[Result "1/2-1/2"]
[WhiteCountry "GER"]
[BlackCountry "SWE"]
[WhiteElo "2338"]
[WhiteRD "80"]
[BlackElo "2316"]
[BlackRD "65"]
[GameID "154290"]

1. d4 Nf6 2. c4 e6 3. Nf3 b6 4. g3 Ba6 5. b3 b5 6. cxb5 Bxb5 7. Bg2 Bb4+ 8. Bd2 a5 9. O-O O-O 10. a3 Bxd2
11. Qxd2 Bc6 12. Rc1 Qc8 13. Qc2 Qb7 14. Nbd2 Ra6 15. Rab1 d6 16. e3 Nbd7 17. Re1 Rc8 18. e4 h6 19. Rbc1 Bb5 20. Nc4 Rb8
21. e5 Nd5 22. Nfd2 dxe5 23. Nxe5 Nxe5 24. dxe5 Rc6 25. Qe4 Rxc1 26. Rxc1 Qb6 27. Qc2 Rd8 28. Nc4 Bxc4 29. bxc4 Ne7 30. c5 Qa7=
1/2-1/2

[Event "Boris Spassky"]
[Site "SchemingMind.com"]
[Date "2008.05.15"]
[Round "-"]
[White "Goran"]
[Black "Ilang"]
[Result "1-0"]
[WhiteCountry "ITA"]
[BlackCountry "HUN"]
[WhiteElo "2503"]
[WhiteRD "69"]
[BlackElo "2313"]
[BlackRD "74"]
[GameID "155119"]

1. d4 d5 2. c4 c6 3. Nf3 Nf6 4. e3 Bf5 5. Nc3 e6 6. Nh4 Bg6 7. Nxg6 hxg6 8. g3 Nbd7 9. Qb3 Qb6 10. c5 Qxb3
11. axb3 Ne4 12. Nxe4 dxe4 13. b4 Nf6 14. b5 Kd7 15. Be2 Be7 16. Bd2 Nd5 17. O-O Nc7 18. bxc6+ bxc6 19. Kg2 Rhb8 20. Ra2 Rb7
21. Rfa1 f5 22. h4 Bf6 23. Ba5 Bd8 24. Bc4 Nd5 25. Bxd5 exd5 26. Bxd8 Kxd8 27. Ra6 Kd7 28. b4 Kc7 29. R1a4 Rf8 30. Rxa7 Rf7
31. R4a6 Rf6 32. Kh3 Rf8 33. Rxb7+ Kxb7 34. b5 cxb5 35. Rxg6 Rb8 36. Rxg7+ Kc6 37. Rg6+ Kd7 38. h5 b4 39. Ra6 b3 40. Ra1 Ke6
41. Rb1 b2 42. Kh4 Kf6 43. c6 Rc8 44. Rxb2 Rxc6 45. Rb8 Rc7 46. Rf8+
1-0

[Event "Boris Spassky"]
[Site "SchemingMind.com"]
[Date "2008.05.15"]
[Round "-"]
[White "Goran"]
[Black "MichaelDV"]
[Result "1/2-1/2"]
[WhiteCountry "ITA"]
[BlackCountry "SWE"]
[WhiteElo "2546"]
[WhiteRD "72"]
[BlackElo "2359"]
[BlackRD "67"]
[GameID "155120"]

1. d4 d5 2. c4 e6 3. Nf3 Nf6 4. Nc3 Be7 5. Bg5 h6 6. Bh4 O-O 7. e3 Ne4 8. Bxe7 Qxe7 9. Rc1 c6 10. Bd3 Nxc3
11. Rxc3 dxc4 12. Bxc4 Nd7 13. O-O b6 14. Bd3 c5 15. Bb5 Rd8 16. Bc6 Rb8 17. Qc2 cxd4 18. exd4 Nf6 19. Rc1 Bb7 20. Bxb7 Rxb7
21. Ne5 Qe8 22. Rc4 Nd5 23. Nc6 Rdd7 24. a4 Rbc7 25. g3 Qf8 26. Qe4 Qe8 27. b4 Rc8 28. b5 Rdc7 29. Qc2 Ra8 30. Ne5 Rac8
31. Qb3 Rxc4 32. Rxc4 f6=
1/2-1/2

[Event "Boris Spassky"]
[Site "SchemingMind.com"]
[Date "2008.05.18"]
[Round "-"]
[White "Goran"]
[Black "Konan_Kaddosh"]
[Result "1/2-1/2"]
[WhiteCountry "ITA"]
[BlackCountry "ITA"]
[WhiteElo "2521"]
[WhiteRD "74"]
[BlackElo "2562"]
[BlackRD "65"]
[GameID "155122"]

1. e4 c5 2. c3 d5 3. exd5 Qxd5 4. d4 Nf6 5. Nf3 e6 6. Na3 Nc6 7. Nb5 Qd8 8. dxc5 Bxc5 9. Qxd8+ Kxd8 10. Bf4 Ne4
11. Rd1+ Bd7 12. Ng5 Nxg5 13. Bxg5+ f6 14. Bc1=
1/2-1/2

[Event "Boris Spassky"]
[Site "SchemingMind.com"]
[Date "2008.05.15"]
[Round "-"]
[White "Goran"]
[Black "Peacemaker"]
[Result "1-0"]
[WhiteCountry "ITA"]
[BlackCountry "GER"]
[WhiteElo "2546"]
[WhiteRD "72"]
[BlackElo "2362"]
[BlackRD "81"]
[GameID "155123"]

1. d4 Nf6 2. c4 e6 3. Nf3 d5 4. Nc3 Be7 5. Bg5 O-O 6. e3 Nbd7 7. Rc1 c6 8. Bd3 dxc4 9. Bxc4 Nd5 10. Bxe7 Qxe7
11. O-O Nxc3 12. Rxc3 e5 13. Qc2 e4 14. Nd2 Nf6 15. Bb3 Bg4 16. Rc5 Nd7 17. Ra5 Be2 18. Rc1 Bd3 19. Qc3 c5 20. dxc5 Rfc8
21. Ba4 Ne5 22. c6 Nxc6 23. Rc5 Qxc5 24. Qxc5 Ne7 25. Nb3 Rxc5 26. Nxc5 b5 27. Bb3 a5 28. Nxd3 exd3 29. Rc3 a4 30. Bd1 Rd8
31. Kf1 Nd5 32. Rc5 a3 33. bxa3 b4 34. axb4 Nxb4 35. a4 Na2 36. Rc4 d2 37. Ke2 Nc1+ 38. Kf3 Na2 39. Bc2 g6 40. Ke2
1-0

[Event "Boris Spassky"]
[Site "SchemingMind.com"]
[Date "2008.05.15"]
[Round "-"]
[White "Ilang"]
[Black "Goran"]
[Result "1/2-1/2"]
[WhiteCountry "HUN"]
[BlackCountry "ITA"]
[WhiteElo "2375"]
[WhiteRD "76"]
[BlackElo "2510"]
[BlackRD "73"]
[GameID "155124"]

1. e4 e5 2. Nf3 Nc6 3. Bb5 a6 4. Ba4 Nf6 5. O-O Be7 6. Re1 b5 7. Bb3 d6 8. c3 O-O 9. h3 Nb8 10. d4 Nbd7
11. Nbd2 Bb7 12. Bc2 Re8 13. Nf1 Bf8 14. Ng3 g6 15. a4 c5 16. d5 c4 17. Bg5 h6 18. Be3 Nc5 19. Qd2 h5 20. Bg5 Be7
21. axb5 axb5 22. Rxa8 Qxa8 23. Qe3 Qa7 24. Rb1= Ra8 25. Qe1 Qa5 26. Qe2 Kg7 27. Qe1 Ra6 28. b4 cxb3 29. Bxb3 Nxb3 30. Rxb3 Bc8
31. Bd2 Ra8 32. c4 Qa2 33. Rxb5 Qxc4 34. Rb1= Bd7 35. Rc1 Qd3 36. Rd1 Qa6 37. Bg5 Bd8 38. Rb1 Qc8 39. Rc1 Qb8 40. Rb1 Qa7
41. Qd2 Rb8 42. Bh6+ Kh7 43. Rxb8 Qxb8 44. Bg5 Qb1+ 45. Kh2 Qb3 46. Qc1 Qb6 47. Be3=
1/2-1/2

[Event "Boris Spassky"]
[Site "SchemingMind.com"]
[Date "2008.05.16"]
[Round "-"]
[White "MichaelDV"]
[Black "Goran"]
[Result "1/2-1/2"]
[WhiteCountry "SWE"]
[BlackCountry "ITA"]
[WhiteElo "2377"]
[WhiteRD "70"]
[BlackElo "2528"]
[BlackRD "74"]
[GameID "155125"]

1. Nf3 Nf6 2. c4 e6 3. g3 d5 4. d4 Be7 5. Bg2 O-O 6. O-O dxc4 7. Qc2 a6 8. Qxc4 b5 9. Qc2 Bb7 10. Bd2 Bd6
11. Bg5 Nbd7 12. Nbd2 Rc8 13. Bxf6 Nxf6 14. Nb3 Be4 15. Qd2 c5 16. dxc5 Bxc5 17. Rac1 Bb6 18. Ne5= Qe7 19. Bxe4 Nxe4= 20. Qd7 Qxd7
21. Nxd7 Rxc1 22. Nxc1 Bxf2+ 23. Rxf2 Rd8 24. Ne5 Nxf2 25. Kxf2 f6 26. Ned3 Rc8 27. Nb3 e5 28. Nbc5 a5 29. Ke3 f5 30. Nd7=
1/2-1/2

[Event "Boris Spassky"]
[Site "SchemingMind.com"]
[Date "2008.05.18"]
[Round "-"]
[White "Konan_Kaddosh"]
[Black "Goran"]
[Result "1/2-1/2"]
[WhiteCountry "ITA"]
[BlackCountry "ITA"]
[WhiteElo "2525"]
[WhiteRD "62"]
[BlackElo "2508"]
[BlackRD "73"]
[GameID "155127"]

1. e4 e5 2. Nf3 Nf6 3. Nxe5 d6 4. Nf3 Nxe4 5. d4 d5 6. Bd3 Nc6 7. O-O Be7 8. c4 Nb4 9. Be2 O-O 10. Nc3 Bf5=
1/2-1/2

[Event "Boris Spassky"]
[Site "SchemingMind.com"]
[Date "2008.05.16"]
[Round "-"]
[White "Peacemaker"]
[Black "Goran"]
[Result "0-1"]
[WhiteCountry "GER"]
[BlackCountry "ITA"]
[WhiteElo "2382"]
[WhiteRD "76"]
[BlackElo "2579"]
[BlackRD "70"]
[GameID "155128"]

1. e4 e5 2. Nf3 Nc6 3. Bc4 Nf6 4. d3 Bc5 5. c3 a6 6. O-O Ba7 7. Bb3 d6 8. Nbd2 O-O 9. h3 h6 10. Re1 Nh5
11. Nf1 Qf6 12. Be3 Nf4 13. Ng3 g6 14. d4 h5 15. a3 Bd7 16. Bxf4 Qxf4 17. Qd3 Kg7 18. Bd5 Rab8 19. Ne2 Qf6 20. b4 Nd8
21. Bb3 Be6 22. c4 Bxd4 23. Nfxd4 exd4 24. Nxd4 Nc6 25. Nxc6 bxc6 26. Qe3 c5 27. bxc5 dxc5 28. e5 Qe7 29. Bd1 Rfd8 30. Be2 Rd4
31. Bf1= Qh4 32. Qc3 Qd8 33. Qa5 Rd2 34. Qxc5 Rbb2 35. Rab1 Rxf2 36. Qe3 Qd2 37. Rxb2 Qxe3 38. Rxe3 Rxb2 39. Rc3 a5 40. c5 Ra2
41. h4 a4 42. Kh2 Bb3 43. Bb5 Rxa3 44. Bc4 Ra1 45. Kg3 Bxc4 46. Rxc4 a3
0-1

[Event "Boris Spassky"]
[Site "SchemingMind.com"]
[Date "2008.05.20"]
[Round "-"]
[White "C. H. O'D. Schlechter"]
[Black "Ilang"]
[Result "1/2-1/2"]
[WhiteCountry "USA"]
[BlackCountry "HUN"]
[WhiteElo "2426"]
[WhiteRD "72"]
[BlackElo "2402"]
[BlackRD "72"]
[GameID "155164"]

1. d4 d5 2. c4 c6 3. Nf3 Nf6 4. Nc3 a6 5. e3 b5 6. c5 Nbd7 7. b4 a5 8. bxa5 Qxa5 9. Bd2 b4 10. Nb1 Rb8
11. a3 Ba6 12. Ra2 Bxf1 13. Kxf1 Qa7 14. g3 Ne4 15. Kg2 g5 16. Qe2 b3 17. Rb2 g4 18. Nh4 e6 19. Qxg4 Be7 20. Bb4 h5
21. Qe2 Bxh4 22. gxh4 Rg8+ 23. Kf1 Nf8 24. f3 Nf6 25. Nd2 Ng6 26. Rg1 Kd7 27. Rxb3 Nxh4= 28. e4 Qa4 29. Rg3 Ng6 30. Qe3 h4
31. Rg5 h3 32. Ke2 Qa7 33. Kd1 Qc7 34. e5 Ne8 35. Nf1 Ng7 36. Ng3 Ne7 37. f4 Ngf5 38. Qd2 Nxg3 39. Rbxg3 Rxg5 40. fxg5 Rh8
41. Qd3=
1/2-1/2

[Event "Boris Spassky"]
[Site "SchemingMind.com"]
[Date "2008.05.20"]
[Round "-"]
[White "C. H. O'D. Schlechter"]
[Black "Goran"]
[Result "1/2-1/2"]
[WhiteCountry "USA"]
[BlackCountry "ITA"]
[WhiteElo "2469"]
[WhiteRD "74"]
[BlackElo "2566"]
[BlackRD "81"]
[GameID "155165"]

1. e4 e5 2. Nf3 Nc6 3. Bc4 Nf6 4. Ng5 d5 5. exd5 Na5 6. Bb5+ c6 7. dxc6 bxc6 8. Be2 h6 9. Nf3 e4 10. Ne5 Qc7
11. d4 exd3 12. Nxd3 Bd6 13. b3 O-O 14. Bb2 Re8 15. h3 Qe7 16. Nc3 Bf5 17. O-O Bc7 18. Re1 Qd6 19. g3 Bxh3 20. Nf4 Qxd1
21. Raxd1 Bxf4 22. gxf4 Bf5 23. Rc1 Rad8 24. Bf3 Rxe1+ 25. Rxe1 Bxc2 26. Re5 Nb7 27. Bxc6 Nd6 28. Ra5 Nc8 29. Bb7 Nd6 30. Bg2 Nc8
31. Bc1 Rd7 32. Be3 Ng4 33. Bc5 Rd3 34. Bb4 Rd4 35. Ba3 Rd3 36. Bb2 Nf6 37. Bb7 Nd6 38. Ba6 Rd4 39. Be2 Rxf4 40. Bc1 Rh4
41. Rxa7 Nf5 42. Kg2 Nd4 43. Bc4 Bg6 44. Be3 Rg4+ 45. Kf1 Nf3 46. Ke2 Ng1+ 47. Kd1 h5 48. Nd5 h4 49. Nxf6+ gxf6 50. Bd5 Bh5
51. Ke1=
1/2-1/2

[Event "Boris Spassky"]
[Site "SchemingMind.com"]
[Date "2008.05.20"]
[Round "-"]
[White "C. H. O'D. Schlechter"]
[Black "MichaelDV"]
[Result "1/2-1/2"]
[WhiteCountry "USA"]
[BlackCountry "SWE"]
[WhiteElo "2426"]
[WhiteRD "72"]
[BlackElo "2377"]
[BlackRD "70"]
[GameID "155166"]

1. d4 d5 2. c4 e6 3. Nc3 Be7 4. cxd5 exd5 5. Bf4 c6 6. e3 Bf5 7. g4 Be6 8. h3 Nd7 9. Bd3 g5 10. Bg3 h5
11. f3 Ngf6 12. Rh2 Nb6 13. Qe2 Nc4 14. O-O-O Qa5 15. e4 O-O-O 16. exd5 cxd5 17. Kb1 b5 18. Be1 Qb6 19. Bd2 Qxd4 20. Bxg5 Qb6
21. f4 Rde8 22. f5 Bd7 23. Qc2 Bc6 24. Re2 Bd8 25. gxh5 Nxh5 26. Nf3 Rxe2 27. Bxe2 Ng3 28. Nxd5 Bxd5 29. Rxd5 Nxe2 30. Qxe2 Bxg5
31. Nxg5 Qg1+ 32. Qd1 Qxg5 33. Rc5+ Kb8 34. Rxb5+ Nb6 35. Qd6+=
1/2-1/2

[Event "Boris Spassky"]
[Site "SchemingMind.com"]
[Date "2008.05.20"]
[Round "-"]
[White "C. H. O'D. Schlechter"]
[Black "Konan_Kaddosh"]
[Result "0-1"]
[WhiteCountry "USA"]
[BlackCountry "ITA"]
[WhiteElo "2405"]
[WhiteRD "74"]
[BlackElo "2598"]
[BlackRD "63"]
[GameID "155168"]

1. e4 c5 2. Nf3 Nc6 3. Bb5 g6 4. O-O Bg7 5. c3 Nf6 6. Re1 O-O 7. e5 Nd5 8. d4 cxd4 9. cxd4 d6 10. Nc3 Be6
11. Bg5 dxe5 12. Bxc6 bxc6 13. Nxe5 Rc8 14. Qa4 c5 15. Nxd5 Bxd5 16. Ng4 Be6 17. d5 Bxg4 18. Qxg4 Qxd5 19. Bxe7 Rfe8 20. Rab1 Qxa2
21. Qd7 Bxb2 22. Bf6 Bxf6 23. Rxe8+ Rxe8 24. Qxe8+ Kg7 25. Re1 a5 26. Qe2 Qb3 27. Rc1 a4
0-1